Normal view
MARC view
- اللبني ، يمان/ م مشارك اسامة العبدالله ؛ مراجعة مصطفى بنكين
Entry Personal Name
001 - CONTROL NUMBER
- control field: 30056
003 - CONTROL NUMBER IDENTIFIER
- control field: JO-AjAnu
005 - DATE AND TIME OF LATEST TRANSACTION
- control field: 20230606075057.0
008 - FIXED-LENGTH DATA ELEMENTS
- fixed length control field: 230606|| aca||aabn | a|a d
040 ## - CATALOGING SOURCE
- Original cataloging agency: JO-AjAnu
- Transcribing agency: JO-AjAnu
100 ## - HEADING--PERSONAL NAME
- Personal name: اللبني ، يمان/ م مشارك اسامة العبدالله ؛ مراجعة مصطفى بنكين
670 ## - SOURCE DATA FOUND
- Source citation: Work cat.: (JO-AjAnu)15438: اللبني ، يمان/ م مشارك اسامة العبدالله ؛ مراجعة مصطفى بنكين, author, تصميم وتنفيذ نظم التشغيل الجديد